| 000 | 00343nam a2200133Ia 4500 | ||
|---|---|---|---|
| 005 | 20260326235458.0 | ||
| 008 | 260326s9999||||xx |||||||||||||| ||und|| | ||
| 100 | _aMarzo, José María | ||
| 245 | 0 |
_aTectónica : _b Cubiertas Planas / _cJosé María Marzo |
|
| 260 | _bATC Ediciones | ||
| 300 | _a113 p. | ||
| 650 | _aCONSTRUCCIÓN | ||
| 942 | _cBK | ||
| 999 |
_c7995 _d7995 |
||